NFL Teams that have NEVER changed - Statistics

General Stats
  • This quiz has been taken 95 times
  • The average score is 15 of 17
Answer Stats
NFL Team % Correct
Cincinnati Bengals
95%
Green Bay Packers
89%
Minnesota Vikings
89%
Jacksonville Jaguars
88%
Dallas Cowboys
87%
Houston Texans
87%
New York Giants
87%
Philadelphia Eagles
87%
Seattle Seahawks
87%
San Francisco 49ers
85%
Atlanta Falcons
84%
Miami Dolphins
84%
Buffalo Bills
83%
Carolina Panthers
83%
Tampa Bay Buccaneers
83%
New Orleans Saints
79%
Denver Broncos
77%
No matching quizzes found
Score Distribution
Percent of People with Each Score
Percentile by Number Answered
Your Score History
You have not taken this quiz